01109 2200397 4500001002100000005001500021007000300036008004100039020002200080035002000102040001700122041000800139082001100147084001700158090001900175100002900194245006200223250001000285264003300295300003000328336002100358337003000379338002300409500002700432504002500459650002400484700003100508850001000539990002100549990002100570990002000591990002500611990002500636990002500661990002500686INLIS00000000000927820260422014500ta260422 0  a978-602-1656-12-9 a0010-1122000237 aSBPUPADbind aind a745.56 a745.56 IND k a926 RIC m 25-20 aIndah Apsari;ePengarang1 aKreasi Tutup Botol /cIndah Apsari, Editor; Berliandy T.R aCet.1 aJakarta :bTiara Aksa,c2014 a64 HLM. :bilus. ;c21 cm 2rdacontentateks 2rdamediaatanpa perantara 2rdacarrieravolume aTentang Penulis hlm 64 abibiliografi, hlm 64 4aKreasi Tutup Botol/ aBerliyandy T.R;ePengarang aPUPAD a22.535/KAPD/2016 a22.536/KAPD/2016 a27.296/H/DPK/18 a30.763/APBD/DPK/2019 a30.764/APBD/DPK/2019 a30.765/APBD/DPK/2019 a30.766/APBD/DPK/2019